Cost accounting analysis and control

Guardado en:
Detalles Bibliográficos
Autor principal: Shillinglaw, Gordon
Formato: Libro
Lenguaje:inglés
Publicado: Homewood Irwin 1967
Edición:1. ed.
Materias:
Etiquetas: Agregar Etiqueta
Sin Etiquetas, Sea el primero en etiquetar este registro!

MARC

LEADER 00000nam a2200000 4500
001 c002056
005 20221220103449.0
041 0 |a eng 
044 |a US 
245 1 0 |a Cost accounting  |b analysis and control  |c Gordon Shillinglaw 
250 |a 1. ed. 
264 1 |a Homewood  |b Irwin  |c 1967 
300 |a 913 s. 
610 2 0 |a účtovanie nákladov 
610 2 0 |a účtovníctvo nákladové 
610 2 0 |a plánovanie finančné 
610 2 0 |a rozpočtovníctvo 
610 2 0 |a kontrola finančná 
610 2 0 |a rozhodovanie 
610 2 0 |a náklady výrobné 
610 2 0 |a náklady prevádzkové 
610 2 0 |a kontrola 
610 2 0 |a náklady mimovýrobné 
610 2 0 |a výkazy účtovné 
610 2 0 |a zisk 
610 2 0 |a tvorba cien 
610 2 0 |a analýza nákladov 
100 1 |a Shillinglaw, Gordon